Kashmir (Record no. 3371)
[ view plain ]
| 000 -LEADER | |
|---|---|
| fixed length control field | 00763 a2200217 4500 |
| 010 ## - LIBRARY OF CONGRESS CONTROL NUMBER | |
| LC control number | ENG-85679 |
| 020 ## - INTERNATIONAL STANDARD BOOK NUMBER | |
| Terms of availability | 350.00 |
| 035 ## - SYSTEM CONTROL NUMBER | |
| System control number | EN-69212 |
| 037 ## - SOURCE OF ACQUISITION | |
| Source of stock number/acquisition | D.B.Act / Pub |
| 082 14 - DEWEY DECIMAL CLASSIFICATION NUMBER | |
| Classification number | 954.11 |
| 090 ## - LOCALLY ASSIGNED LC-TYPE CALL NUMBER (OCLC); LOCAL CALL NUMBER (OCLC) | |
| -- | 3438 |
| -- | 3438 |
| 100 1# - MAIN ENTRY--PERSONAL NAME | |
| Personal name | Vaishnavi, B. K. |
| 245 1# - TITLE STATEMENT | |
| Title | Kashmir |
| Statement of responsibility, etc | by B. K. Vaishnavi edited by V. K. Vaishnavi and Chetana Vaishnavi |
| Remainder of title | the gordian knot 1940-2003 |
| 260 ## - PUBLICATION, DISTRIBUTION, ETC. (IMPRINT) | |
| Place of publication, distribution, etc | Chandigarh |
| Name of publisher, distributor, etc | Unistar Books |
| Date of publication, distribution, etc | 2006 |
| 270 ## - ADDRESS | |
| Address | S.C.O. 26-27, Sector 34 A, |
| City | Chandigarh |
| Postal code | 160 022 |
| Telephone number | 0172-5077427, 5077428 |
| Electronic mail address | info@unistarbooks.com |
| 300 ## - PHYSICAL DESCRIPTION | |
| Extent | 182 p. |
| Dimensions | 21 cm ( Hb.) |
| 710 1# - ADDED ENTRY--CORPORATE NAME | |
| Corporate name or jurisdiction name as entry element | Vaishnavi, V. K. |
| 710 1# - ADDED ENTRY--CORPORATE NAME | |
| Corporate name or jurisdiction name as entry element | Vaishnavi, Chetana |
| 942 ## - ADDED ENTRY ELEMENTS (KOHA) | |
| Institution code [OBSOLETE] | dpl |
| Koha item type | English Books |
| Call number prefix | 954.11 / VAI |
| Withdrawn status | Lost status | Source of classification or shelving scheme | Damaged status | Not for loan | Collection code | Home library | Current library | Source of acquisition | Cost, normal purchase price | Total Checkouts | Full call number | Barcode | Date last seen | Copy number | Uniform Resource Identifier | Cost, replacement price | Price effective from | Koha item type |
|---|---|---|---|---|---|---|---|---|---|---|---|---|---|---|---|---|---|---|
| Dewey Decimal Classification | Not For Loan | Non-fiction | D.B.Act.Division | D.B.Act.Division | DBAD/PUB | 350.00 | 954.11 VAI | EN-69212 | 15/09/2008 | 1 | 3591 | 350.00 | 15/09/2008 | English Books |
